000 00265nam a2200109Ia 4500
008 190912s9999||||xx |||||||||||||| ||und||
100 _aParag Diwan
245 0 _aProductivity & Technology Management
260 _aUSA
_bMcGraw-Hill
_c1999
300 _a658
942 _cBK
999 _c7421
_d7421